Aportes para la reflexión sobre el fenómeno del suicidio en adolescentes /
Se analizan elementos microsociales y más generales que enmarcan el proceso que lleva al intento de suicidio en adolescentes. Se tratan temas como vida cotidiana de los adolescentes suicidas, redes sociales, conflicto, tensión y dolor anclado en diversas interacciones sociales, entre otros
Salvato in:
| Autore principale: | |
|---|---|
| Natura: | testo |
| Soggetti: | |
| Tags: |
Aggiungi Tag
Nessun Tag, puoi essere il primo ad aggiungerne!!
|
MARC
| LEADER | 00000 a a2200000 04500 | ||
|---|---|---|---|
| 001 | 14581 | ||
| 003 | |||
| 040 | |||
| 100 | |a Guevara Villalobos, Orlando | ||
| 245 | |a Aportes para la reflexión sobre el fenómeno del suicidio en adolescentes / |c Orlando Guevara Villalobos | ||
| 520 | |a Se analizan elementos microsociales y más generales que enmarcan el proceso que lleva al intento de suicidio en adolescentes. Se tratan temas como vida cotidiana de los adolescentes suicidas, redes sociales, conflicto, tensión y dolor anclado en diversas interacciones sociales, entre otros | ||
| 650 | |a SUICIDIO | ||
| 650 | |a ADOLESCENTES | ||
| 650 | |a FAMILIA | ||
| 650 | |a RELACIONES HUMANAS | ||
| 650 | |a REDES SOCIALES | ||
| 650 | |a COSTA RICA | ||
| 773 | |g número 116; páginas 57-69 | ||
| 999 | |c 39859 |d 39859 | ||
| 773 | 0 | |0 18728 |9 3027 |a Universidad de Costa Rica |d San José, Costa Rica Editorial UCR 1956- |o 07097 |t Revista de Ciencias Sociales/ |x 04825276 | |
